PRESCRIPTION DRUGS (Record no. 1408)
[ view plain ]
| 000 -LEADER | |
|---|---|
| fixed length control field | 00441nam a22001457a 4500 |
| 020 ## - INTERNATIONAL STANDARD BOOK NUMBER | |
| ISBN | 0-517-262940 |
| 082 ## - DEWEY DECIMAL CLASSIFICATION NUMBER | |
| Classification number | 610 |
| Item number | GOS/P |
| 100 ## - MAIN ENTRY--AUTHOR NAME | |
| Personal name | GOSSEL, THOMAS |
| 245 ## - TITLE STATEMENT | |
| Title | PRESCRIPTION DRUGS |
| 260 ## - PUBLICATION, DISTRIBUTION, ETC. (IMPRINT) | |
| Place of publication | NEW YORK |
| Name of publisher | BEEKMAN HOUSE |
| Year of publication | 1979 |
| 300 ## - PHYSICAL DESCRIPTION | |
| Number of Pages | 252 |
| 520 ## - SUMMARY, ETC. | |
| Summary, etc | EVERYTHING YOU NEED TO KNOW ABOUT PRESCRIPTIONS, SIDE EFFECTS, SAVING MONEY, DRUG CONTENTS, HOW THEY WORK, WANT TO ASK YOUR DOCTOR |
| 650 ## - SUBJECT ADDED ENTRY--TOPICAL TERM | |
| Topical Term | HEALTHCARE |
| Geographic subdivision | INDIA |
| 942 ## - ADDED ENTRY ELEMENTS (KOHA) | |
| Koha item type | Books |
| Withdrawn status | Lost status | Collection code | Home library | Current library | Shelving location | Date acquired | Source of acquisition | Full call number | Accession Number | Koha item type |
|---|---|---|---|---|---|---|---|---|---|---|
| Reference | Main Library | Main Library | SHELF-5 D REFERENCEBIOLOGY | 06/05/2005 | purchase | 610 GOS/P | 01188 | Books |